Shakespeare Title Characters by Death Quiz Stats

Quiz Updated Jun 14, 2016

Challenge
Share
Tweet
Embed
Score 0/17 Timer 05:00
0 Plays Today
% Correct
Juliet
87%
Cleopatra
80.7%
Caesar
79.9%
Romeo
75.3%
Lear
64%
Macbeth
62.9%
Richard III
59.2%
Hamlet
56.1%
Othello
55%
% Correct
Antony
36.3%
Timon
31.1%
Richard II
27%
Titus
26.1%
Coriolanus
23.9%
Henry IV
22%
John
19.1%
Henry VI
17.4%

You're not logged in!

Compare scores with friends on all Sporcle quizzes.
Sign Up with Email
OR
Log In

You Might Also Like...

Show Comments

Extras

Top Quizzes Today


Score Distribution

Your Account Isn't Verified!

In order to create a playlist on Sporcle, you need to verify the email address you used during registration. Go to your Sporcle Settings to finish the process.